[Event "25th Bosnjaci Open 2020"]
[Site "Bosnjaci"]
[Date "2020.01.06"]
[Round "5.2"]
[White "Rogulj, Branko"]
[Black "Muratovic, Efim"]
[Result "0-1"]
[WhiteElo "2386"]
[BlackElo "2394"]
[Annotator "ChessBase"]
[PlyCount "110"]
[EventDate "2020.01.03"]
[EventType "swiss"]
[EventCountry "CRO"]
[SourceTitle "playchess.com"]
[Source "ChessBase"]
[SourceQuality "1"]
[TimeControl "5400+30"]

1. e4 {[%emt 0:00:30]} c5 {[%emt 0:00:30]} 2. Nc3 {[%emt 0:00:00]} e6 {[%emt 0:00:30]} 3. Nf3 {[%emt 0:01:00]} a6 {[%emt 0:02:30]} 4. d4 {[%emt 0:01:30]} cxd4 {[%emt 0:00:30]} 5. Nxd4 {[%emt 0:00:30]} Nc6 {[%emt 0:02:30]} 6. g3 {[%emt 0:00:30]} Qf6 {[%emt 0:08:30]} 7. Nxc6 {[%emt 0:05:30]} dxc6 {[%emt 0:00:30]} 8. Bg2 {[%emt 0:00:30]} Bc5 {[%emt 0:01:30]} 9. O-O {[%emt 0:00:30]} e5 {[%emt 0:00:30]} 10. Na4 {[%emt 0:02:30]} Ba7 {[%emt 0:02:30]} 11. Be3 {[%emt 0:05:30]} Bxe3 {[%emt 0:10:30]} 12. fxe3 {[%emt 0:00:00]} Qg5 {[%emt 0:05:30]} 13. Qd3 {[%emt 0:09:00]} Bg4 {[%emt 0:17:30]} 14. Nc5 {[%emt 0:16:30]} Nf6 {[%emt 0:13:30]} 15. h4 {[%emt 0:09:30]} Qh6 {[%emt 0:02:30]} 16. Qd6 {[%emt 0:00:30]} Qxe3+ {[%emt 0:05:30]} 17. Kh2 {[%emt 0:01:30]} Rd8 {[%emt 0:00:30]} 18. Qxe5+ {[%emt 0:00:30]} Be6 {[%emt 0:00:30]} 19. Kh1 {[%emt 0:10:30]} Ng4 {[%emt 0:02:30]} 20. Qc3 {[%emt 0:03:30]} Qxc3 {[%emt 0:02:27]} 21. bxc3 {[%emt 0:00:00]} Rd2 {[%emt 0:03:37]} 22. Nxb7 {[%emt 0:01:00]} Ke7 {[%emt 0:00:53]} 23. Na5 {[%emt 0:02:30]} Ne3 {[%emt 0:05:38]} 24. Rg1 {[%emt 0:00:30]} Rc8 {[%emt 0:03:11]} 25. c4 {[%emt 0:07:30]} Bg4 {[%emt 0:00:22]} 26. Nb3 {[%emt 0:00:30]} Rxc2 {[%emt 0:02:27]} 27. Nd4 {[%emt 0:01:30]} Rxc4 {[%emt 0:00:41]} 28. Nf5+ {[%emt 0:00:00]} Nxf5 {[%emt 0:00:11]} 29. exf5 {[%emt 0:00:00]} Bxf5 {[%emt 0:00:11]} 30. Rge1+ {[%emt 0:00:30]} Be6 {[%emt 0:01:01]} 31. a4 {[%emt 0:00:30]} Rb8 {[%emt 0:00:20]} 32. Re3 {[%emt 0:00:30]} Rbb4 {[%emt 0:01:58]} 33. a5 {[%emt 0:00:30]} Kd6 {[%emt 0:00:32]} 34. Bf1 {[%emt 0:00:30]} Bd5+ {[%emt 0:01:10]} 35. Kg1 {[%emt 0:00:30]} Ra4 {[%emt 0:00:49]} 36. Rd1 {[%emt 0:02:46]} Rc5 {[%emt 0:00:47]} 37. Bxa6 {[%emt 0:00:11]} Rcxa5 {[%emt 0:00:12]} 38. Bd3 {[%emt 0:01:08]} Ra1 {[%emt 0:00:13]} 39. Ree1 {[%emt 0:00:00]} Rxd1 {[%emt 0:00:57]} 40. Rxd1 {[%emt 0:00:30]} Ra3 {[%emt 0:00:39]} 41. Kf2 {[%emt 0:00:10]} Ke5 {[%emt 0:00:14]} 42. Be2 {[%emt 0:00:38]} g6 {[%emt 0:01:12]} 43. Rb1 {[%emt 0:00:32]} h5 {[%emt 0:00:23]} 44. Rb8 {[%emt 0:01:15]} Kd4 {[%emt 0:00:23]} 45. Rb4+ {[%emt 0:00:20]} Ke5 {[%emt 0:00:09]} 46. Rb8 {[%emt 0:00:11]} c5 {[%emt 0:00:14]} 47. Rb1 {[%emt 0:00:52]} c4 {[%emt 0:00:41]} 48. Rc1 {[%emt 0:00:22]} Kd4 {[%emt 0:00:21]} 49. Rd1+ {[%emt 0:00:11]} Kc5 {[%emt 0:00:06]} 50. g4 {[%emt 0:00:23]} hxg4 {[%emt 0:00:33]} 51. Bxg4 {[%emt 0:00:02]} Ra2+ {[%emt 0:00:56]} 52. Kg3 {[%emt 0:01:16]} f5 {[%emt 0:00:50]} 53. Bh3 {[%emt 0:01:54]} Ra3+ {[%emt 0:00:06]} 54. Kh2 {[%emt 0:00:06]} c3 {[%emt 0:00:30]} 55. h5 {[%emt 0:00:07]} Bf3 {[%emt 0:01:01]} 0-1

[Event "25th Bosnjaci Open 2020"]
[Site "Bosnjaci"]
[Date "2020.01.06"]
[Round "5.3"]
[White "Plenkovic, Zdenko"]
[Black "Klasan, Vladimir"]
[Result "0-1"]
[WhiteElo "2348"]
[BlackElo "2342"]
[Annotator "ChessBase"]
[PlyCount "90"]
[EventDate "2020.01.03"]
[EventType "swiss"]
[EventCountry "CRO"]
[SourceTitle "playchess.com"]
[Source "ChessBase"]
[SourceQuality "1"]
[TimeControl "5400+30"]

1. e4 {[%emt 0:00:30]} c5 {[%emt 0:00:30]} 2. Nf3 {[%emt 0:00:00]} Nc6 {[%emt 0:00:30]} 3. Nc3 {[%emt 0:00:00]} e5 {[%emt 0:03:30]} 4. Bc4 {[%emt 0:01:30]} g6 {[%emt 0:00:30]} 5. d3 {[%emt 0:01:30]} h6 {[%emt 0:01:30]} 6. Nd2 {[%emt 0:21:30]} Bg7 {[%emt 0:00:30]} 7. Nf1 {[%emt 0:00:00]} Nge7 {[%emt 0:01:30]} 8. Ne3 {[%emt 0:03:00]} O-O {[%emt 0:01:30]} 9. h4 {[%emt 0:03:30]} d6 {[%emt 0:17:30]} 10. h5 {[%emt 0:03:30]} g5 {[%emt 0:00:30]} 11. g4 {[%emt 0:02:30]} Be6 {[%emt 0:07:30]} 12. Bd2 {[%emt 0:06:30]} a6 {[%emt 0:02:30]} 13. a4 {[%emt 0:02:30]} Rb8 {[%emt 0:04:30]} 14. O-O {[%emt 0:02:30]} Nd4 {[%emt 0:06:30]} 15. a5 {[%emt 0:03:30]} Ndc6 {[%emt 0:07:30]} 16. Ncd5 {[%emt 0:00:30]} Bxd5 {[%emt 0:04:30]} 17. Bxd5 {[%emt 0:04:30]} Nxd5 {[%emt 0:10:30]} 18. Nxd5 {[%emt 0:00:30]} Ne7 {[%emt 0:00:30]} 19. Nxe7+ {[%emt 0:03:30]} Qxe7 {[%emt 0:00:30]} 20. c4 {[%emt 0:00:00]} b5 {[%emt 0:07:30]} 21. axb6 {[%emt 0:00:00]} Rxb6 {[%emt 0:00:30]} 22. Bc3 {[%emt 0:00:30]} Qb7 {[%emt 0:01:19]} 23. Qf3 {[%emt 0:00:30]} Ra8 {[%emt 0:01:50]} 24. Ra5 {[%emt 0:01:30]} Qc7 {[%emt 0:02:17]} 25. Rfa1 {[%emt 0:00:30]} Qb7 {[%emt 0:00:20]} 26. R1a2 {[%emt 0:01:30]} Qc6 {[%emt 0:02:24]} 27. Qd1 {[%emt 0:01:30]} Qc8 {[%emt 0:02:04]} 28. Kg2 {[%emt 0:00:30]} Bf6 {[%emt 0:01:04]} 29. Kg3 {[%emt 0:01:30]} Qb7 {[%emt 0:01:12]} 30. R5a4 {[%emt 0:04:30]} Kg7 {[%emt 0:01:22]} 31. Qa1 {[%emt 0:01:30]} Kf8 {[%emt 0:01:31]} 32. R2a3 {[%emt 0:00:30]} Kg7 {[%emt 0:01:26]} 33. Ra2 {[%emt 0:01:30]} Kg8 {[%emt 0:02:58]} 34. R4a3 {[%emt 0:00:30]} Qc6 {[%emt 0:00:47]} 35. Ba5 {[%emt 0:04:30]} Rbb8 {[%emt 0:00:53]} 36. Qd1 {[%emt 0:00:30]} Qb7 {[%emt 0:02:41]} 37. Qa4 {[%emt 0:02:30]} Be7 {[%emt 0:00:59]} 38. b4 {[%emt 0:03:30]} cxb4 {[%emt 0:00:07]} 39. Rb3 {[%emt 0:00:00]} Qc8 {[%emt 0:02:06]} 40. Rxb4 {[%emt 0:03:47]} Rxb4 {[%emt 0:00:07]} 41. Bxb4 {[%emt 0:00:07]} Rb8 {[%emt 0:00:53]} 42. Bd2 {[%emt 0:01:34]} Rb1 {[%emt 0:00:48]} 43. f3 {[%emt 0:00:17]} Qc5 {[%emt 0:00:54]} 44. Bc3 {[%emt 0:03:08]} Qg1+ {[%emt 0:00:17]} 45. Rg2 {[%emt 0:00:13]} Qh1 {[%emt 0:00:05]} 0-1

[Event "25th Bosnjaci Open 2020"]
[Site "Bosnjaci"]
[Date "2020.01.06"]
[Round "5.4"]
[White "Bobanac, Miro"]
[Black "Runic, Zoran"]
[Result "0-1"]
[WhiteElo "2218"]
[BlackElo "2326"]
[Annotator "ChessBase"]
[PlyCount "140"]
[EventDate "2020.01.03"]
[EventType "swiss"]
[EventCountry "CRO"]
[SourceTitle "playchess.com"]
[Source "ChessBase"]
[SourceQuality "1"]
[TimeControl "5400+30"]

1. Nf3 {[%emt 0:00:30]} c5 {[%emt 0:00:30]} 2. c4 {[%emt 0:00:30]} d6 {[%emt 0:00:30]} 3. g3 {[%emt 0:01:30]} e5 {[%emt 0:00:30]} 4. Nc3 {[%emt 0:00:30]} g6 {[%emt 0:00:30]} 5. Bg2 {[%emt 0:00:30]} Bg7 {[%emt 0:00:00]} 6. O-O {[%emt 0:01:30]} Ne7 {[%emt 0:00:00]} 7. d3 {[%emt 0:02:30]} Nbc6 {[%emt 0:00:30]} 8. Bd2 {[%emt 0:01:30]} O-O {[%emt 0:01:30]} 9. a3 {[%emt 0:01:30]} h6 {[%emt 0:02:30]} 10. Rb1 {[%emt 0:02:30]} a5 {[%emt 0:00:30]} 11. Nd5 {[%emt 0:06:30]} Nxd5 {[%emt 0:00:30]} 12. cxd5 {[%emt 0:00:30]} Ne7 {[%emt 0:00:30]} 13. e4 {[%emt 0:00:00]} b5 {[%emt 0:07:30]} 14. Ne1 {[%emt 0:04:00]} b4 {[%emt 0:01:30]} 15. f4 {[%emt 0:07:30]} exf4 {[%emt 0:00:30]} 16. Bxf4 {[%emt 0:06:30]} g5 {[%emt 0:04:30]} 17. Be3 {[%emt 0:00:30]} Ng6 {[%emt 0:00:00]} 18. d4 {[%emt 0:05:30]} cxd4 {[%emt 0:06:00]} 19. Bxd4 {[%emt 0:00:00]} Bxd4+ {[%emt 0:00:30]} 20. Qxd4 {[%emt 0:00:00]} Rb8 {[%emt 0:00:30]} 21. Nf3 {[%emt 0:10:30]} Bg4 {[%emt 0:06:30]} 22. Nd2 {[%emt 0:00:00]} Ne5 {[%emt 0:02:30]} 23. Rbc1 {[%emt 0:02:00]} Be2 {[%emt 0:13:30]} 24. Rf5 {[%emt 0:06:30]} Qb6 {[%emt 0:00:30]} 25. Qxb6 {[%emt 0:02:30]} Rxb6 {[%emt 0:00:30]} 26. axb4 {[%emt 0:07:30]} Rxb4 {[%emt 0:00:30]} 27. b3 {[%emt 0:01:30]} Kg7 {[%emt 0:04:30]} 28. h3 {[%emt 0:02:30]} Rd4 {[%emt 0:00:30]} 29. Rc2 {[%emt 0:00:30]} Rb8 {[%emt 0:05:30]} 30. Rf2 {[%emt 0:01:30]} Bd1 {[%emt 0:01:30]} 31. Ra2 {[%emt 0:02:30]} g4 {[%emt 0:07:30]} 32. hxg4 {[%emt 0:04:36]} Nxg4 {[%emt 0:00:30]} 33. Rf4 {[%emt 0:02:59]} Ne5 {[%emt 0:02:30]} 34. Rf2 {[%emt 0:00:15]} Bxb3 {[%emt 0:00:30]} 35. Rxa5 {[%emt 0:02:48]} Bd1 {[%emt 0:08:30]} 36. Ra2 {[%emt 0:02:16]} Rd3 {[%emt 0:02:30]} 37. Nf1 {[%emt 0:06:35]} Rb1 {[%emt 0:03:47]} 38. Bh3 {[%emt 0:03:08]} Bg4 {[%emt 0:05:37]} 39. Kg2 {[%emt 0:00:58]} Bf3+ {[%emt 0:00:14]} 40. Kg1 {[%emt 0:03:26]} Bxe4 {[%emt 0:00:13]} 41. Bg2 {[%emt 0:00:12]} Bxd5 {[%emt 0:03:08]} 42. Bxd5 {[%emt 0:00:37]} Rxd5 {[%emt 0:00:18]} 43. Kg2 {[%emt 0:00:02]} Rdd1 {[%emt 0:00:29]} 44. Rad2 {[%emt 0:00:49]} Ng4 {[%emt 0:00:30]} 45. Rxd1 {[%emt 0:00:54]} Rxd1 {[%emt 0:00:30]} 46. Ra2 {[%emt 0:00:05]} Rd3 {[%emt 0:01:14]} 47. Nd2 {[%emt 0:00:10]} d5 {[%emt 0:02:26]} 48. Nf3 {[%emt 0:00:21]} h5 {[%emt 0:00:53]} 49. Ra6 {[%emt 0:01:08]} Nf6 {[%emt 0:01:56]} 50. Ra7 {[%emt 0:00:33]} Re3 {[%emt 0:01:23]} 51. Ng5 {[%emt 0:00:13]} Ne4 {[%emt 0:01:02]} 52. Nxf7 {[%emt 0:01:02]} Rxg3+ {[%emt 0:00:30]} 53. Kh2 {[%emt 0:00:02]} Kf6 {[%emt 0:00:29]} 54. Nd6 {[%emt 0:00:38]} Rg4 {[%emt 0:00:16]} 55. Nb5 {[%emt 0:01:03]} Ng5 {[%emt 0:00:26]} 56. Nc3 {[%emt 0:00:36]} d4 {[%emt 0:00:32]} 57. Nd5+ {[%emt 0:00:30]} Ke5 {[%emt 0:00:34]} 58. Ra5 {[%emt 0:00:06]} Nf3+ {[%emt 0:01:28]} 59. Kh3 {[%emt 0:00:08]} Rg1 {[%emt 0:00:31]} 60. Nb4+ {[%emt 0:01:21]} Kf4 {[%emt 0:00:47]} 61. Nd5+ {[%emt 0:00:24]} Kg5 {[%emt 0:00:32]} 62. Ne3+ {[%emt 0:00:28]} Kg6 {[%emt 0:00:13]} 63. Ng2 {[%emt 0:00:20]} Ng5+ {[%emt 0:00:47]} 64. Kh2 {[%emt 0:00:44]} Rf1 {[%emt 0:00:49]} 65. Nh4+ {[%emt 0:00:55]} Kf6 {[%emt 0:00:01]} 66. Kg2 {[%emt 0:00:00]} Rf4 {[%emt 0:00:15]} 67. Ra6+ {[%emt 0:00:00]} Kf7 {[%emt 0:01:14]} 68. Ng6 {[%emt 0:00:08]} Re4 {[%emt 0:00:19]} 69. Kg3 {[%emt 0:00:34]} Ne6 {[%emt 0:00:52]} 70. Nh4 {[%emt 0:00:26]} Rg4+ {[%emt 0:00:03]} 0-1

[Event "25th Bosnjaci Open 2020"]
[Site "Bosnjaci"]
[Date "2020.01.08"]
[Round "5.5"]
[White "Medic, Mirjana"]
[Black "Kovacevic, Blazimir"]
[Result "1-0"]
[WhiteElo "2195"]
[BlackElo "2451"]
[Annotator "TA"]
[PlyCount "75"]
[EventDate "2020.01.03"]
[EventType "swiss"]
[EventCountry "CRO"]
[SourceTitle "playchess.com"]
[Source "ChessBase"]
[SourceQuality "1"]

{[%evp 9,75,29,24,16,29,17,10,0,-2,-22,-23,-34,-22,-36,-7,-18,-14,-13,0,-9,0,-4,13,-8,2,-41,-37,-35,-41,-51,-37,-42,0,0,0,0,0,0,0,0,73,32,14,31,118,119,360,368,739,714,731,693,691,663,697,433,717,584,633,618,678,680,768,754,5302,1227,1189,568]} 1. d4 Nf6 2. Nf3 b6 3. e3 Bb7 4. Bd3 g6 5. c4 (5. O-O Bg7 6. c4 O-O 7. Nc3 d6 8. e4 Nbd7 9. h3 e5 10. Be3 exd4 11. Bxd4 Re8 12. Re1 Nc5 13. Bc2 a5 14. Qd2 Nfxe4 15. Bxe4 Bxe4 16. Bxg7 Kxg7 17. Nxe4 Rxe4 18. Rxe4 Nxe4 {0-1 (51) Halkias,S (2585)-Bortnyk,O (2581) Tallinn 2016}) 5... Bg7 6. Nc3 {A47: 1 d4 Nf6 2 Nf3 b6: Torre, London and Colle Systems} d5 7. O-O O-O 8. b3 {The position is equal.} c5 9. Bb2 cxd4 10. exd4 Nc6 {[%cal Bb8c6,Bc6e7,Be7f5][%mdl 32]} 11. Re1 Re8 12. Bf1 $146 ({Predecessor:} 12. cxd5 Nxd5 13. Nxd5 Qxd5 {½-½ (59) Guimard,C-Iliesco,J La Plata 1944}) 12... dxc4 13. bxc4 e6 14. Rc1 Ne7 15. Ne5 Nf5 16. Nb5 {[%cal Bc3b5,Bb5a3,Ba3b1,Bb1d2,Bd2f3][%mdl 32]} a6 17. Na3 Nd7 18. Ng4 h5 19. Ne3 $1 Nxe3 20. fxe3 Nc5 21. Nb1 Ne4 22. Nd2 Qg5 23. Rc2 Nd6 24. e4 f5 (24... Rac8 $11 {keeps the balance.}) 25. Nf3 Qg4 26. e5 $36 {[%mdl 2048] White is pushing.} Nf7 {[#]} ({Better is} 26... Ne4 $14) 27. d5 $1 $16 exd5 $2 (27... Bf8 $16 {was necessary.}) 28. e6 $18 Nd6 $2 (28... Ng5) 29. Bxg7 {White is clearly winning.} Kxg7 30. cxd5 Re7 31. Qa1+ Kg8 32. Qe5 Rd8 (32... Qb4 $142 33. Ng5 Rf8) 33. h3 Qa4 34. Qf6 Qe8 35. Ne5 Bxd5 36. Nxg6 {[%csl Gg6][%cal Rf6h8] [#]} Rxe6 37. Rxe6 (37. Qh8+ $142 Kf7 38. Rc7+ Rd7 39. Rxd7+ Qxd7 40. Qh7+ Kf6 41. Qxd7 Rxe1 42. Qxd6+ {[%mdl 64] Double Attack} Kf7 43. Ne5+ Rxe5 44. Qxe5) 37... Bxe6 38. Ne7+ {Accuracy: White = 59%, Black = 46%.} (38. Qh8+ $142 Kf7 39. Ne5+ Ke7 40. Qg7+ Nf7 41. Ng6+ Kd6 42. Qd4+ {[%mdl 64] Double Attack} Bd5 43. Qxb6+ {[%mdl 64] Double Attack} Bc6 44. Rd2+ Ke6 45. Re2+ {[%mdl 64] Skewer} Kd6 46. Rxe8 Rxe8 47. Bxa6) 1-0

[Event "25th Bosnjaci Open 2020"]
[Site "Bosnjaci"]
[Date "2020.01.08"]
[Round "5.6"]
[White "Zufic, Miroslav"]
[Black "Ljikar, Zoran"]
[Result "1/2-1/2"]
[WhiteElo "2375"]
[BlackElo "2179"]
[Annotator "TA"]
[PlyCount "59"]
[EventDate "2020.01.03"]
[EventType "swiss"]
[EventCountry "CRO"]
[SourceTitle "playchess.com"]
[Source "ChessBase"]
[SourceQuality "1"]

{[%evp 16,59,37,25,39,26,48,17,54,20,16,16,37,16,17,15,26,21,21,-9,0,-5,-6,-18,0,0,0,0,0,0,8,14,17,8,23,0,9,10,17,8,24,0,0,-40,-40,-65]} 1. e4 c5 2. Nf3 e6 3. d4 cxd4 4. Nxd4 Nc6 5. Nc3 Qc7 6. Be3 a6 7. Bd3 Nf6 8. O-O Ne5 9. h3 Nc4 {B48: Sicilian: Taimanov: 5 Nc3 Qc7 6 Be3 a6 without Be2} (9... Bc5 10. Qe2 d6 11. Rad1 O-O 12. f4 Ng6 13. f5 Ne5 14. g4 h6 15. Nf3 exf5 16. Nxe5 dxe5 17. gxf5 b5 18. Kh2 Bb7 {1-0 (51) Dubov,D (2696)-Ding,L (2778) Liaocheng 2018}) 10. Bxc4 Qxc4 11. Qd3 Qc7 {The position is equal.} 12. f4 d6 13. f5 $146 ({Predecessor:} 13. Rae1 Be7 14. Bf2 O-O 15. Bh4 b5 16. e5 Ne8 17. Bxe7 Qxe7 {½-½ (39) Kornev,A (2327)-Chashchin,M (2301) Nizhnij Tagil 2008}) 13... e5 14. Nf3 b5 15. a3 Bb7 16. Bg5 Be7 17. Rac1 O-O 18. Bxf6 Bxf6 19. Rfd1 Be7 20. Nd5 Bxd5 21. Qxd5 Rac8 (21... Qb6+ {with more complications.} 22. Kh1 Rfc8 23. c3 a5 24. Ra1 Rab8) 22. c3 Qc4 (22... Qb6+ {is more complex.} 23. Kh1 a5 24. Qd3 Rc7 25. Ra1 Rfc8) 23. Qxc4 Rxc4 24. Nd2 Rc6 25. Ra1 Rb8 26. Kf2 g6 27. g4 a5 28. Nb3 Bd8 29. Rd5 b4 30. cxb4 {Accuracy: White = 40%, Black = 51%.} 1/2-1/2

[Event "25th Bosnjaci Open 2020"]
[Site "Bosnjaci"]
[Date "2020.01.06"]
[Round "5.8"]
[White "Rosic, Slavko S"]
[Black "Tomas, Ante"]
[Result "1-0"]
[WhiteElo "2295"]
[BlackElo "2157"]
[Annotator "ChessBase"]
[PlyCount "169"]
[EventDate "2020.01.03"]
[EventType "swiss"]
[EventCountry "CRO"]
[SourceTitle "playchess.com"]
[Source "ChessBase"]
[SourceQuality "1"]
[TimeControl "5400+30"]

1. e4 {[%emt 0:00:30]} e5 {[%emt 0:00:30]} 2. Nf3 {[%emt 0:00:00]} Nc6 {[%emt 0:00:00]} 3. d4 {[%emt 0:00:00]} exd4 {[%emt 0:00:00]} 4. Nxd4 {[%emt 0:00:30]} Nf6 {[%emt 0:00:00]} 5. Nxc6 {[%emt 0:03:30]} bxc6 {[%emt 0:00:00]} 6. Bd3 {[%emt 0:00:30]} d5 {[%emt 0:00:30]} 7. e5 {[%emt 0:00:30]} Ng4 {[%emt 0:00:00]} 8. Bf4 {[%emt 0:11:30]} Bc5 {[%emt 0:10:00]} 9. O-O {[%emt 0:01:30]} g5 {[%emt 0:02:30]} 10. Bg3 {[%emt 0:05:30]} h5 {[%emt 0:01:30]} 11. Be2 {[%emt 0:00:30]} f5 {[%emt 0:14:30]} 12. exf6 {[%emt 0:00:30]} Qxf6 {[%emt 0:02:30]} 13. Bxg4 {[%emt 0:06:30]} Bxg4 {[%emt 0:00:30]} 14. Qe1+ {[%emt 0:00:30]} Qe7 {[%emt 0:17:30]} 15. Qxe7+ {[%emt 0:00:30]} Kxe7 {[%emt 0:00:30]} 16. Nd2 {[%emt 0:09:30]} Kd7 {[%emt 0:07:30]} 17. Nb3 {[%emt 0:00:30]} Bb6 {[%emt 0:03:30]} 18. h3 {[%emt 0:04:30]} Bf5 {[%emt 0:02:30]} 19. c3 {[%emt 0:00:30]} Rae8 {[%emt 0:04:30]} 20. Rfe1 {[%emt 0:08:30]} Rxe1+ {[%emt 0:05:30]} 21. Rxe1 {[%emt 0:00:30]} Re8 {[%emt 0:01:30]} 22. Be5 {[%emt 0:08:30]} c5 {[%emt 0:03:30]} 23. Re3 {[%emt 0:14:30]} c4 {[%emt 0:03:21]} 24. Nd4 {[%emt 0:00:30]} Be4 {[%emt 0:06:14]} 25. Bf6 {[%emt 0:01:30]} c5 {[%emt 0:06:57]} 26. Ne2 {[%emt 0:07:26]} Bd8 {[%emt 0:04:08]} 27. Bxd8 {[%emt 0:01:13]} Rxd8 {[%emt 0:00:34]} 28. Ng3 {[%emt 0:00:30]} Bb1 {[%emt 0:00:43]} 29. Re5 {[%emt 0:00:14]} Kc6 {[%emt 0:01:55]} 30. Rxg5 {[%emt 0:00:36]} d4 {[%emt 0:00:42]} 31. a4 {[%emt 0:04:43]} d3 {[%emt 0:00:20]} 32. Ne4 {[%emt 0:00:17]} d2 {[%emt 0:00:34]} 33. Rxc5+ {[%emt 0:00:07]} Kb6 {[%emt 0:00:26]} 34. Rb5+ {[%emt 0:00:42]} Kc7 {[%emt 0:00:40]} 35. Rc5+ {[%emt 0:00:55]} Kb6 {[%emt 0:00:30]} 36. Rb5+ {[%emt 0:00:50]} Kc7 {[%emt 0:00:03]} 37. Nxd2 {[%emt 0:00:22]} Rxd2 {[%emt 0:00:07]} 38. Rxh5 {[%emt 0:00:30]} Bd3 {[%emt 0:01:58]} 39. Rb5 {[%emt 0:00:13]} a6 {[%emt 0:00:17]} 40. Rb4 {[%emt 0:00:08]} Kc6 {[%emt 0:00:54]} 41. g4 {[%emt 0:00:30]} Rd1+ {[%emt 0:00:24]} 42. Kg2 {[%emt 0:00:16]} Bf1+ {[%emt 0:00:07]} 43. Kg3 {[%emt 0:00:09]} a5 {[%emt 0:00:36]} 44. Rb5 {[%emt 0:00:29]} Rd3+ {[%emt 0:00:07]} 45. f3 {[%emt 0:00:20]} Be2 {[%emt 0:00:18]} 46. Rf5 {[%emt 0:00:10]} Bd1 {[%emt 0:00:35]} 47. g5 {[%emt 0:00:43]} Bxa4 {[%emt 0:00:09]} 48. Rxa5 {[%emt 0:00:09]} Bd1 {[%emt 0:00:26]} 49. Rf5 {[%emt 0:00:09]} Kd6 {[%emt 0:01:00]} 50. h4 {[%emt 0:00:53]} Ke6 {[%emt 0:00:52]} 51. Rf4 {[%emt 0:00:22]} Bb3 {[%emt 0:01:02]} 52. g6 {[%emt 0:00:34]} Rd1 {[%emt 0:00:21]} 53. h5 {[%emt 0:01:13]} Rh1 {[%emt 0:00:24]} 54. Rg4 {[%emt 0:00:15]} Bc2 {[%emt 0:00:22]} 55. Kg2 {[%emt 0:02:22]} Rxh5 {[%emt 0:00:08]} 56. g7 {[%emt 0:00:08]} Bh7 {[%emt 0:00:03]} 57. g8=Q+ {[%emt 0:00:10]} Bxg8 {[%emt 0:00:01]} 58. Rxg8 {[%emt 0:00:08]} Rb5 {[%emt 0:00:37]} 59. Re8+ {[%emt 0:00:13]} Kf5 {[%emt 0:00:07]} 60. Re2 {[%emt 0:00:00]} Rb8 {[%emt 0:00:32]} 61. Re4 {[%emt 0:00:36]} Rc8 {[%emt 0:00:36]} 62. Kf2 {[%emt 0:00:07]} Rc7 {[%emt 0:01:05]} 63. Ke3 {[%emt 0:00:04]} Rc8 {[%emt 0:00:05]} 64. Kd4 {[%emt 0:00:02]} Rc7 {[%emt 0:00:06]} 65. Kd5 {[%emt 0:00:58]} Rb7 {[%emt 0:00:22]} 66. Rxc4 {[%emt 0:00:33]} Rxb2 {[%emt 0:00:01]} 67. Rc8 {[%emt 0:00:07]} Rd2+ {[%emt 0:00:10]} 68. Kc5 {[%emt 0:00:08]} Ke6 {[%emt 0:01:49]} 69. c4 {[%emt 0:00:08]} Kd7 {[%emt 0:00:11]} 70. Rf8 {[%emt 0:00:02]} Rh2 {[%emt 0:01:15]} 71. Rf7+ {[%emt 0:00:25]} Kc8 {[%emt 0:00:14]} 72. f4 {[%emt 0:00:06]} Rh6 {[%emt 0:00:49]} 73. f5 {[%emt 0:00:11]} Kd8 {[%emt 0:00:17]} 74. Kd5 {[%emt 0:00:12]} Ke8 {[%emt 0:00:10]} 75. Ra7 {[%emt 0:00:05]} Kd8 {[%emt 0:00:14]} 76. c5 {[%emt 0:00:48]} Kc8 {[%emt 0:00:05]} 77. Rg7 {[%emt 0:00:08]} Kb8 {[%emt 0:00:12]} 78. Ke5 {[%emt 0:00:27]} Rc6 {[%emt 0:00:08]} 79. f6 {[%emt 0:00:27]} Rxc5+ {[%emt 0:00:18]} 80. Kd6 {[%emt 0:00:02]} Rc1 {[%emt 0:00:17]} 81. f7 {[%emt 0:00:13]} Rd1+ {[%emt 0:00:04]} 82. Kc5 {[%emt 0:00:00]} Rc1+ {[%emt 0:00:06]} 83. Kd4 {[%emt 0:00:05]} Rd1+ {[%emt 0:00:05]} 84. Ke3 {[%emt 0:00:05]} Rf1 {[%emt 0:00:09]} 85. Rg8+ {[%emt 0:00:07]} 1-0

[Event "25th Bosnjaci Open 2020"]
[Site "Bosnjaci"]
[Date "2020.01.08"]
[Round "5.9"]
[White "Blagojevic, Marijan"]
[Black "Stocko, Josip"]
[Result "1/2-1/2"]
[WhiteElo "2164"]
[BlackElo "2262"]
[Annotator "TA"]
[PlyCount "49"]
[EventDate "2020.01.03"]
[EventType "swiss"]
[EventCountry "CRO"]
[SourceTitle "playchess.com"]
[Source "ChessBase"]
[SourceQuality "1"]

{[%evp 12,49,28,17,19,19,22,0,5,-6,2,-15,4,0,9,-6,-8,-19,-10,-29,-21,-23,-15,-10,-16,-20,-9,-21,0,-11,-4,-14,11,7,11,14,10,14,14,8]} 1. d4 Nf6 2. c4 e6 3. Nf3 b6 4. g3 Bb7 5. Bg2 g6 6. O-O Bg7 7. Nc3 Ne4 {E16: Queen's Indian: 4 g3 Bb7 5 Bg2 Bb4+} (7... O-O 8. d5 exd5 9. cxd5 Re8 10. Nd4 c5 11. Ndb5 d6 12. Bf4 Bf8 13. a4 a6 14. Na3 Nh5 15. Bd2 Nd7 {1-0 (47) Ponomariov,R (2686)-Hou,Y (2658) Shenzhen 2018}) 8. Qd3 Nxc3 9. bxc3 (9. Qxc3 {is interesting.} O-O 10. Bg5 f6 11. Be3 Nc6 12. Rfd1) 9... O-O 10. e4 d6 11. Re1 Nd7 12. Rb1 $146 ({Predecessor:} 12. Ba3 c5 13. Rad1 Rb8 14. Nd2 Qc7 15. f4 {½-½ (61) Videv,G-Usatchev,S Teteven 1991}) 12... Ba6 13. Nd2 c5 14. Bb2 Rc8 15. Rbc1 h5 16. Qe3 Kh7 17. Bf1 {The position is equal.} e5 18. Rc2 Bh6 19. Qd3 Rc7 20. Nf3 Qf6 21. Qd1 Rfc8 22. d5 Re8 23. Bc1 Bxc1 24. Rxc1 Bc8 25. h4 {Accuracy: White = 52%, Black = 58%.} 1/2-1/2